000
00310nam a2200133 a 4500
001
4761
003
CDMR
005
20141015183023.0
008
130130s1992||||||||||||||||||||||||||||d
040
_a
CDMR
_b
cat
_c
CPC GIRONA
245
0
_a
Història de la comarca d'Osona
260
_c
1992
_b
Rourich
942
_c
MON
_2
udc
999
_c
4761
_d
4761